'Waitress' Songs Quiz Stats

 Plays Quiz not verified by Sporcle

Challenge
Share
Tweet
Embed
Score 0/22 Timer 10:00
0 Plays Today
Answer % Correct
Opening Up
98.1%
Opening Up (Finale)
98.1%
Bad Idea
95.4%
The Negative
92%
She Used to Be Mine
91.8%
When He Sees Me
91.4%
What's Inside
88.8%
What Baking Can Do
87.8%
I Love You Like a Table
86.5%
Bad Idea (Reprise)
84.9%
It Only Takes a Taste
80.4%
Answer % Correct
Everything Changes
80.1%
Club Knocked Up
80%
Take It from an Old Man
78.8%
Never Ever Getting Rid of Me
78.2%
You Matter to Me
77.4%
I Didn't Plan It
77.3%
Contraction Ballet
76.8%
You Will Still Be Mine
75.4%
Dear Baby
73.4%
Pomatter Pie
73.3%
A Soft Place to Land
71.5%

You're not logged in!

Compare scores with friends on all Sporcle quizzes.
OR
Log In

You Might Also Like...

Show Comments

Extras

Top Quizzes Today


Score Distribution

Your Account Isn't Verified!

In order to create a playlist on Sporcle, you need to verify the email address you used during registration. Go to your Sporcle Settings to finish the process.

Report this User

Report this user for behavior that violates our Community Guidelines.

Details: